| 000 | 00546nam a2200193Ia 4500 | ||
|---|---|---|---|
| 999 |
_c2100 _d2100 |
||
| 020 | _a81-85445-59-1 | ||
| 082 | _a342.54066 GUP-; | ||
| 100 | _aGupta, Subhash Chandra | ||
| 245 | 0 | _aOmbudsman: an Indian perspective | |
| 260 |
_aNew Delhi _bManak Publications _c1995 |
||
| 300 | _a273p. | ||
| 504 | _aIncludes index | ||
| 650 | _aAdministrative law - India | ||
| 650 | _aOmbudsman - India | ||
| 650 | _aAbuse of administrative power - India | ||
| 650 | _aPolitical corruption - India | ||
| 650 | _aLegislative bodies - India | ||
| 942 | _cBK | ||